La Oferta de la escuela de pintura mural contemporánea sigue en pie / por Fernando Gómez Catón

por Gómez Catón, Fernando

Publicado: Barcelona : Diputación de Barcelona , 1973
Descripción Física: p. 6-16 : il. ; 32 cm

MARC

LEADER 00000nam a2200000Ia 4500
001 17964
008 160829s1973 xx 000 0 cat d
080 |a FU-52-5 
100 |a Gómez Catón, Fernando  |9 29715 
245 |a La Oferta de la escuela de pintura mural contemporánea sigue en pie / por Fernando Gómez Catón 
260 |a Barcelona :  |b Diputación de Barcelona,  |c 1973 
300 |a p. 6-16 :  |b  il. ;  |c 32 cm 
590 |a Separata de la revista San Jorge, núm. 90-91 
650 |a Pintura mural  |x S. XX  |9 39319 
710 1 |a Barcelona (Catalunya : Província).  |b Diputació  |9 52408 
901 |a Arxiu 
942 |n 1 
952 |0 0  |1 0  |4 0  |6 FU525  |7 1  |9 48942  |a Arxiu  |b Arxiu  |d 2016-12-01  |l 0  |o FU-52-5  |p 17964  |r 2016-12-01 00:00:00  |w 2016-12-01  |y ARXIU 
999 |c 52777  |d 52777